[Event "ASK Niederdorf-Groeden II"]
[Site "?"]
[Date "2012.12.01"]
[Round "4.1"]
[White "Kazazi, Rifat"]
[Black "Obersteiner, Stefan"]
[Result "1-0"]
[WhiteElo "1674"]
[BlackElo "1731"]
[PlyCount "149"]
[EventDate "2012.??.??"]

1. e4 c5 2. Nf3 Nc6 3. c3 d6 4. d4 cxd4 5. cxd4 Nf6 6. Nc3 e6 7. Bd3 Be7 8. O-O
O-O 9. Bg5 h6 10. Be3 Ng4 11. Rc1 a6 12. Bb1 e5 13. d5 Nxe3 14. fxe3 Na7 15. a4
Bd7 16. Qd2 Qa5 17. b3 b5 18. axb5 Nxb5 19. Na4 Qd8 20. Bd3 Rb8 21. Qe2 Rb7 22.
Nd2 Qb8 23. Nc3 Rc8 24. Nxb5 axb5 25. b4 Rbc7 26. Rxc7 Rxc7 27. Nb3 Bg5 28. Na5
Qb6 29. Re1 Rc3 30. g3 g6 31. h4 Bd8 32. Qd2 Rc8 33. Kf2 Qa7 34. Ra1 Ra8 35.
Qe2 Qb8 36. Qd2 Bb6 37. Qe2 Bd8 38. Qd2 Bb6 39. Qc3 Qd8 40. Be2 Qf6+ 41. Kg2
Qd8 42. Nc6 Bxc6 43. dxc6 Rxa1 44. Qxa1 Bxe3 45. Qc3 Bd4 46. Qd3 Qc7 47. Qxb5
Bb6 48. Qd5 Kf8 49. b5 Bc5 50. Qa2 Kg7 51. Qa8 Bb6 52. Bg4 Ba7 53. Qb7 Bb6 54.
Qxc7 Bxc7 55. Kf2 Kf6 56. Ke3 Ke7 57. Kd3 Bb6 58. Kc4 Bc7 59. Kd5 Bb6 60. c7
Bxc7 61. Kc6 Kd8 62. b6 Bb8 63. Kb7 d5 64. Kxb8 f5 65. exf5 gxf5 66. Ka7 fxg4
67. b7 Ke7 68. b8=Q Kf6 69. Kb6 Kf5 70. Kc5 Ke4 71. Qb1+ Kf3 72. Kxd5 Kxg3 73.
Qe1+ Kh3 74. Kxe5 g3 75. Kf4 1-0

[Event "ASK Niederdorf-Groeden II"]
[Site "?"]
[Date "2012.12.01"]
[Round "4.2"]
[White "Schmidhofer, Josef"]
[Black "Knottner, Klaus"]
[Result "0-1"]
[WhiteElo "1510"]
[BlackElo "1648"]
[PlyCount "76"]
[EventDate "2012.??.??"]

1. d4 d5 2. c4 e6 3. Nc3 Nf6 4. Nf3 Nbd7 5. e3 c5 6. cxd5 cxd4 7. exd4 exd5 8.
Be2 Be7 9. O-O O-O 10. h3 b6 11. Be3 Bb7 12. Rc1 Rc8 13. a3 a6 14. Na4 b5 15.
Nc5 Nxc5 16. dxc5 Nd7 17. b4 Bf6 18. Bd4 Re8 19. Bxf6 Qxf6 20. Re1 Rcd8 21. Qd4
Ne5 22. Nxe5 Rxe5 23. c6 Rxe2 24. Rxe2 Qxd4 25. cxb7 Qb6 26. Rc8 Kf8 27. Rec2
Qxb7 28. Rxd8+ Ke7 29. Rdc8 Kd7 30. Rg8 g6 31. Rg7 Ke7 32. Rxh7 Qd7 33. Rh4 Qe6
34. Kf1 Qf6 35. Re2+ Kd6 36. Rh7 d4 37. g3 d3 38. Rd2 Qc3 0-1

[Event "ASK Niederdorf-Groeden II"]
[Site "?"]
[Date "2012.12.01"]
[Round "4.3"]
[White "Taschler, Manuel"]
[Black "Kamelger, Ewald"]
[Result "1-0"]
[WhiteElo "1550"]
[BlackElo "1200"]
[PlyCount "45"]
[EventDate "2012.??.??"]

1. Nf3 Nf6 2. d3 d6 3. Nbd2 e5 4. e4 Bg4 5. g3 Nc6 6. c3 g6 7. Qb3 Bxf3 8. Nxf3
b6 9. Ng5 Qd7 10. Bh3 Qe7 11. Qb5 Rd8 12. Qxc6+ Nd7 13. Qxc7 h6 14. Bxd7+ Qxd7
15. Qxd7+ Rxd7 16. Nf3 Bg7 17. Be3 O-O 18. O-O f6 19. Nh4 Kf7 20. f4 h5 21.
Rad1 Bh6 22. Nf3 Ke6 23. f5+ 1-0

[Event "ASK Niederdorf-Groeden II"]
[Site "?"]
[Date "2012.12.01"]
[Round "4.4"]
[White "Haspinger, Hartmann"]
[Black "Goller, Bruno"]
[Result "1-0"]
[WhiteElo "1349"]
[BlackElo "1455"]
[PlyCount "45"]
[EventDate "2012.??.??"]

1. d4 d5 2. c4 e6 3. Nc3 Nf6 4. Bg5 Be7 5. e3 O-O 6. Nf3 b6 7. Bd3 Bb7 8. O-O
Nbd7 9. Qc2 dxc4 10. Bxc4 h6 11. Bh4 Rc8 12. Qe2 Ne4 13. Bxe7 Qxe7 14. Ba6 Nxc3
15. bxc3 Bxa6 16. Qxa6 Ra8 17. a4 e5 18. Rfb1 exd4 19. cxd4 Qe6 20. Rd1 Qd5 21.
Rac1 Rfc8 22. Rd2 Nb8 23. Qxc8+ 1-0

[Event "ASK Niederdorf-Groeden II"]
[Site "?"]
[Date "2012.12.01"]
[Round "4.5"]
[White "Moroder, Richard"]
[Black "Girardelli, Daniel"]
[Result "1-0"]
[WhiteElo "1413"]
[BlackElo "1398"]
[PlyCount "69"]
[EventDate "2012.??.??"]

1. e4 e5 2. Nf3 d6 3. d4 exd4 4. Nxd4 Nf6 5. Nc3 Be7 6. Be2 Bd7 7. O-O Nc6 8.
Be3 O-O 9. f4 Qc8 10. h3 Bd8 11. Kh2 Re8 12. Bf3 Nxd4 13. Bxd4 c5 14. Bf2 Bc7
15. Rc1 Rb8 16. Bg3 Bc6 17. e5 Bxf3 18. Qxf3 Nd7 19. exd6 Bxd6 20. Nb5 Bf8 21.
Nxa7 Qd8 22. Nb5 Qb6 23. c4 Re6 24. Rcd1 Nf6 25. f5 Rbe8 26. fxe6 Rxe6 27. Rde1
Rc6 28. a4 Qa5 29. Qc3 Qb6 30. Bh4 Bd6+ 31. Nxd6 Rxd6 32. Bxf6 gxf6 33. Re8+
Kg7 34. Qg3+ Kh6 35. Rg8 1-0

[Event "Brixen/Milland-SK Ehrenburg"]
[Site "?"]
[Date "2012.12.01"]
[Round "4.1"]
[White "Flatscher, Tobias"]
[Black "Sader, Michael"]
[Result "0-1"]
[WhiteElo "1704"]
[BlackElo "2169"]
[PlyCount "92"]
[EventDate "2012.??.??"]

1. e4 c5 2. Nc3 e6 3. g3 Nc6 4. Bg2 g6 5. d3 Bg7 6. f4 Nge7 7. Nf3 d5 8. exd5
exd5 9. O-O O-O 10. Bd2 Rb8 11. Rb1 b5 12. h3 b4 13. Ne2 Re8 14. g4 f5 15. g5
d4 16. h4 Nd5 17. h5 Qd6 18. h6 Bf8 19. Nh4 Be6 20. Kh1 Bf7 21. Ng1 Ne3 22.
Bxe3 Rxe3 23. Qd2 Rbe8 24. Qf2 Bxa2 25. Ra1 Bd5 26. Ra6 R3e6 27. Rfa1 Bxg2+ 28.
Nxg2 Qd7 29. Qf3 Be7 30. b3 Bd8 31. Re1 Rxe1 32. Nxe1 Bb6 33. Ng2 Na5 34. Kh2
Rd8 35. Qe2 Re8 36. Qf3 Kf7 37. Kh1 Ke6 38. Nh4 Kd6 39. Ng2 Qb5 40. Rxa5 Bxa5
41. Kh2 Bc7 42. Nh4 Qc6 43. Qxc6+ Kxc6 44. Ngf3 Bxf4+ 45. Kg1 Kd5 46. Kg2 Kd6
0-1

[Event "Brixen/Milland-SK Ehrenburg"]
[Site "?"]
[Date "2012.12.01"]
[Round "4.2"]
[White "Brenninger, Daniel"]
[Black "Gruber, Alexander"]
[Result "1-0"]
[WhiteElo "2056"]
[BlackElo "1796"]
[PlyCount "69"]
[EventDate "2012.??.??"]

1. e4 e6 2. d4 d5 3. Nd2 dxe4 4. Nxe4 Nc6 5. Nf3 Be7 6. c3 Nf6 7. Bd3 a6 8. Qa4
Qd5 9. Qc2 h6 10. Bf4 Qd8 11. O-O O-O 12. Rad1 b6 13. Rfe1 Bb7 14. Nxf6+ Bxf6
15. Be4 Qc8 16. Qc1 Ne7 17. Bb1 Bxf3 18. gxf3 g5 19. Bg3 Ng6 20. Be4 Ra7 21.
Qe3 Kg7 22. Qd3 Re8 23. Bxg6 fxg6 24. Re4 c6 25. Rde1 b5 26. Qe3 Kf7 27. h4
Rae7 28. Bd6 Rb7 29. hxg5 hxg5 30. f4 gxf4 31. Qxf4 Qd8 32. Be5 Rd7 33. R1e3
Kg7 34. Rh3 g5 35. Qxg5+ 1-0

[Event "Brixen/Milland-SK Ehrenburg"]
[Site "?"]
[Date "2012.12.01"]
[Round "4.3"]
[White "Messner, Alex"]
[Black "Kofler, Thomas"]
[Result "0-1"]
[WhiteElo "1618"]
[BlackElo "1960"]
[PlyCount "114"]
[EventDate "2012.??.??"]

1. c4 f5 2. g3 Nf6 3. Bg2 e5 4. Nc3 g6 5. e3 Bg7 6. Nge2 O-O 7. O-O Nc6 8. Rb1
b6 9. b4 Bb7 10. Ba3 Re8 11. Qc2 Rb8 12. Rfc1 a5 13. bxa5 Nxa5 14. Nd5 Bc6 15.
d4 e4 16. Nef4 Bb7 17. Bf1 Ra8 18. Qc3 Nc6 19. Nxf6+ Bxf6 20. c5 Ne7 21. cxb6
cxb6 22. Qb3+ Kg7 23. Bd6 Bc6 24. d5 Ba4 25. Qb4 Nc8 26. Bc7 Qe7 27. d6 Qe5 28.
Bc4 Bc6 29. Bxb6 Qxd6 30. Bc5 Qc7 31. Nd5 Qa5 32. Nxf6 Kxf6 33. Bd4+ Kg5 34.
h4+ Kh6 35. Qb2 f4 36. exf4 g5 37. fxg5+ Kg6 38. Qe2 Qf5 39. Bf6 h5 40. Qd2 Ra3
41. Rb3 Rxb3 42. Bxb3 e3 43. Qe2 Bf3 44. Qc2 Be4 45. Qe2 Qh3 46. fxe3 Qh1+ 47.
Kf2 Qxc1 48. g4 hxg4 49. h5+ Kxh5 50. Bf7+ Kh4 51. g6+ Kh3 52. Qf1+ Qxf1+ 53.
Kxf1 Bxg6 54. Bxe8 Bxe8 55. a4 d5 56. a5 Nd6 57. Kf2 Ne4+ 0-1

[Event "Brixen/Milland-SK Ehrenburg"]
[Site "?"]
[Date "2012.12.01"]
[Round "4.4"]
[White "Kofler, Oswald"]
[Black "Mairhofer, Lino"]
[Result "1-0"]
[WhiteElo "1858"]
[BlackElo "1743"]
[PlyCount "129"]
[EventDate "2012.??.??"]

1. b3 Nf6 2. Bb2 d5 3. Nf3 c5 4. d3 Nc6 5. Nbd2 g6 6. e4 d4 7. Be2 Bg7 8. O-O
O-O 9. Re1 e5 10. a4 Ne8 11. Ba3 b6 12. Nc4 f5 13. exf5 gxf5 14. Rb1 Nd6 15.
Nfd2 Nxc4 16. Nxc4 e4 17. Qd2 Qd5 18. Bf1 Bb7 19. Qg5 Qe6 20. g3 Rae8 21. Bg2
Kh8 22. dxe4 Bh6 23. Qh5 f4 24. Bh3 Qf6 25. Bf5 Ne5 26. Nxe5 Rxe5 27. g4 Rg8
28. f3 Rg5 29. Qh3 Rg7 30. Rbd1 Bg5 31. Qg2 Bh4 32. Re2 Ba6 33. Red2 h5 34. h3
hxg4 35. Bxg4 Reg5 36. Bb2 Bb7 37. Qe2 Qe5 38. Qd3 Rxg4+ 39. hxg4 Bf6 40. Rh2+
Kg8 41. Kf2 Rxg4 42. Rdh1 Rg3 43. Qc4+ Kf8 44. Qe2 Qg5 45. Kf1 Be5 46. Rh5 Qe7
47. Bc1 Bb8 48. Bd2 Rg8 49. Rg1 Rg3 50. Rxg3 fxg3 51. Kg2 Qf6 52. Bh6+ Ke8 53.
Bg5 Qf7 54. Rh4 Qg7 55. f4 Bd6 56. Qh5+ Kd7 57. Qh7 Qxh7 58. Rxh7+ Kc6 59. Kxg3
a6 60. Be7 Bxe7 61. Rxe7 b5 62. axb5+ axb5 63. f5 Kd6 64. f6 c4 65. e5+ 1-0

[Event "Brixen/Milland-SK Ehrenburg"]
[Site "?"]
[Date "2012.12.01"]
[Round "4.5"]
[White "Mairhofer, Rene"]
[Black "Wisthaler, Lukas"]
[Result "1-0"]
[WhiteElo "1623"]
[BlackElo "1822"]
[PlyCount "79"]
[EventDate "2012.??.??"]

1. e4 c5 2. Nf3 e6 3. d4 cxd4 4. Nxd4 a6 5. c4 Nf6 6. Nc3 Qc7 7. Be2 d6 8. a3
Nc6 9. O-O Be7 10. Be3 O-O 11. Rc1 b6 12. Nxc6 Qxc6 13. Bf3 e5 14. Nd5 Bd8 15.
Qd3 Nxd5 16. cxd5 Qd7 17. Rc2 Bb7 18. Rfc1 Rc8 19. Rxc8 Bxc8 20. h3 Bb7 21. Bg4
Qe7 22. Bc8 Bxc8 23. Rxc8 Bc7 24. Rxf8+ Kxf8 25. Qxa6 Qd8 26. a4 g6 27. b4 f5
28. f3 fxe4 29. fxe4 Ke8 30. b5 Kd7 31. Qb7 Ke8 32. a5 bxa5 33. b6 Bb8 34. Qxh7
Qf6 35. Qg8+ Qf8 36. Qxg6+ Qf7 37. Qxf7+ Kxf7 38. g4 a4 39. Bc1 Ke7 40. g5 1-0

[Event "Brixen/Milland-SK Ehrenburg"]
[Site "?"]
[Date "2012.12.01"]
[Round "4.6"]
[White "Hellweg, Stephan"]
[Black "Mitterhofer, Martin"]
[Result "1/2-1/2"]
[WhiteElo "1668"]
[BlackElo "1560"]
[PlyCount "91"]
[EventDate "2012.??.??"]

1. e4 d6 2. d4 e5 3. dxe5 dxe5 4. Qxd8+ Kxd8 5. Nf3 f6 6. Bc4 Bc5 7. O-O Ke7 8.
Nc3 c6 9. h3 Be6 10. Bd3 Nd7 11. a3 g5 12. Re1 h5 13. Be3 Nh6 14. b4 Bxe3 15.
Rxe3 Nf7 16. Nd2 Nd6 17. Ree1 Nb6 18. Nd1 Nbc4 19. Nxc4 Bxc4 20. Ne3 Bxd3 21.
cxd3 Rad8 22. a4 Rd7 23. Red1 Rhd8 24. f3 Ne8 25. Nf5+ Kf7 26. Ra3 h4 27. Kf2
Nc7 28. Ke2 Ne6 29. Ne3 Nf4+ 30. Kf1 Rxd3 31. Raxd3 Rxd3 32. Rxd3 Nxd3 33. Nc2
Ke6 34. Ke2 Nf4+ 35. Kf2 Kd6 36. Ne1 c5 37. b5 c4 38. Ke3 b6 39. Kd2 Kc5 40.
Kc3 Ne2+ 41. Kd2 Nf4 42. Kc3 Ne6 43. Nc2 Nd4 44. Ne3 Ne2+ 45. Kd2 Nf4 46. Kc3
1/2-1/2

[Event "SC Naturns Jambo II-Groeden"]
[Site "?"]
[Date "2012.12.01"]
[Round "4.1"]
[White "Demetz, Rainer"]
[Black "Gurschler, Gregor"]
[Result "1-0"]
[WhiteElo "2170"]
[BlackElo "1743"]
[PlyCount "67"]
[EventDate "2012.??.??"]

1. Nf3 g6 2. d4 Bg7 3. e4 d6 4. Bc4 e6 5. Bb3 Ne7 6. O-O O-O 7. Be3 h6 8. Nc3
a6 9. a4 b6 10. Qd2 Kh7 11. h3 Nd7 12. Nh2 c5 13. f3 Nf6 14. Ne2 Qc7 15. c3 Bb7
16. Ng4 Nxg4 17. hxg4 c4 18. Bc2 f5 19. gxf5 exf5 20. Nf4 Bc8 21. exf5 Nxf5 22.
g4 Nh4 23. Be4 Rb8 24. Qh2 d5 25. Nxd5 Qxh2+ 26. Kxh2 Kg8 27. Ne7+ Kf7 28. Nc6
Rb7 29. Bd5+ Be6 30. Nd8+ Rxd8 31. Bxb7 a5 32. Kg3 g5 33. f4 Bd5 34. Bxd5+ 1-0

[Event "SC Naturns Jambo II-Groeden"]
[Site "?"]
[Date "2012.12.01"]
[Round "4.2"]
[White "Kaserer, Hanspeter"]
[Black "Bernardi, Ruben"]
[Result "1/2-1/2"]
[WhiteElo "1725"]
[BlackElo "2102"]
[PlyCount "86"]
[EventDate "2012.??.??"]

1. d4 Nf6 2. c4 c5 3. d5 b5 4. cxb5 a6 5. Nc3 axb5 6. e4 b4 7. Nb5 Bb7 8. Bf4
d6 9. Bc4 Nbd7 10. Nf3 Nh5 11. Bg5 Qb6 12. O-O f6 13. Be3 g6 14. Nd2 Ng7 15. f4
f5 16. Qe2 Rb8 17. a4 Ra8 18. Nf3 Nf6 19. exf5 Nxf5 20. Rfd1 Bg7 21. Ng5 O-O
22. Ne6 Rf7 23. Nxg7 Nxe3 24. Qxe3 Kxg7 25. Qe2 Qa5 26. b3 Rc8 27. h3 Qa8 28.
Qd3 Nh5 29. g3 Qa5 30. Rf1 Rcf8 31. Rf2 Bc8 32. Kh2 Bd7 33. Raf1 Qd8 34. Qd2
Qc8 35. g4 Bxg4 36. hxg4 Qxg4 37. Nc7 Qh4+ 38. Kg2 Qg4+ 39. Kh2 Rf5 40. Qe3 Kh8
41. Qh3 Nf6 42. Rg2 Qxh3+ 43. Kxh3 Rc8 1/2-1/2

[Event "SC Naturns Jambo II-Groeden"]
[Site "?"]
[Date "2012.12.01"]
[Round "4.4"]
[White "Gurschler, Thomas"]
[Black "Moroder, Thomas"]
[Result "1/2-1/2"]
[WhiteElo "1674"]
[BlackElo "1894"]
[PlyCount "68"]
[EventDate "2012.??.??"]

1. d4 Nf6 2. Bf4 g6 3. e3 Bg7 4. Nf3 O-O 5. Be2 d6 6. h3 Nbd7 7. O-O b6 8. a4
c5 9. c3 Bb7 10. Nbd2 Qe8 11. a5 e5 12. Bh2 Qe7 13. Qb3 exd4 14. cxd4 cxd4 15.
Nxd4 Nc5 16. Qa3 Nfe4 17. Nxe4 Bxe4 18. Bf3 Bxf3 19. Nxf3 bxa5 20. Nd4 Rfc8 21.
Rac1 Rab8 22. Qxa5 Ne4 23. b4 Nc3 24. Rfe1 Rb6 25. b5 Qb7 26. Qa3 Nxb5 27. Nxb5
Rxb5 28. Bxd6 Rb3 29. Qa2 Rb2 30. Qa3 Rcc2 31. Rf1 a6 32. Bc5 h5 33. Bd4 Bxd4
34. exd4 Ra2 1/2-1/2

[Event "SC Naturns Jambo II-Groeden"]
[Site "?"]
[Date "2012.12.01"]
[Round "4.5"]
[White "Prinoth, Franz"]
[Black "Naegele, Raimund"]
[Result "1/2-1/2"]
[WhiteElo "1772"]
[BlackElo "1653"]
[PlyCount "72"]
[EventDate "2012.??.??"]

1. e4 c6 2. d4 d5 3. exd5 cxd5 4. Bd3 Nf6 5. Nd2 Nc6 6. c3 Bg4 7. Qa4 e6 8.
Ngf3 Bd6 9. Ne5 Qc7 10. f4 O-O 11. O-O Bf5 12. Qc2 Nxd4 13. cxd4 Qxc2 14. Bxc2
Bxc2 15. Ndf3 Rac8 16. Be3 h6 17. Rac1 Rc7 18. h3 Rfc8 19. Ne1 Ne4 20. Nxc2
Rxc2 21. Rxc2 Rxc2 22. Rc1 Rxc1+ 23. Bxc1 Bc7 24. Be3 Nd6 25. b3 Nf5 26. Kf2
Bxe5 27. fxe5 Nxe3 28. Kxe3 Kf8 29. h4 Ke7 30. Kf4 Kd7 31. g4 Kc6 32. g5 hxg5+
33. hxg5 g6 34. Ke3 Kb5 35. a3 a5 36. Kd3 a4 1/2-1/2

[Event "SC Naturns Jambo II-Groeden"]
[Site "?"]
[Date "2012.12.01"]
[Round "4.6"]
[White "Gurschler, Markus"]
[Black "Grossi, Christian"]
[Result "0-1"]
[WhiteElo "1567"]
[BlackElo "1770"]
[PlyCount "57"]
[EventDate "2012.??.??"]

1. d4 g6 2. Bf4 Bg7 3. Nf3 Nf6 4. e3 O-O 5. Bd3 b6 6. O-O Bb7 7. Nbd2 c5 8. c3
Nc6 9. Re1 d6 10. a3 h6 11. Bc4 Nh5 12. h3 Nxf4 13. exf4 cxd4 14. cxd4 Nxd4 15.
Nh4 e6 16. g3 Rc8 17. Bd3 Qf6 18. Ne4 Bxe4 19. Bxe4 d5 20. Bd3 g5 21. fxg5 hxg5
22. Qh5 Qh6 23. Qg4 gxh4 24. gxh4 f5 25. Qg3 Rf6 26. Kf1 Rg6 27. Qd6 Qxh4 28.
Re3 Bh6 29. f4 0-1

[Event "SC SSV Bruneck-SK Steinegg/Raiffeisen"]
[Site "?"]
[Date "2012.12.01"]
[Round "4.1"]
[White "Engl, Stefan"]
[Black "Peintner, Andreas"]
[Result "1-0"]
[WhiteElo "1828"]
[BlackElo "1898"]
[PlyCount "79"]
[EventDate "2012.??.??"]

1. f4 d5 2. Nf3 Nf6 3. e3 g6 4. Be2 Bg7 5. O-O O-O 6. d3 c5 7. Nc3 d4 8. Ne4
dxe3 9. Bxe3 Nd5 10. Bc1 Qc7 11. g3 Nc6 12. c3 b6 13. Bd2 Bh3 14. Re1 Rad8 15.
Nf2 Bf5 16. Nh4 Bc8 17. Bf3 e5 18. Ng2 exf4 19. Nxf4 Nf6 20. Qc2 Bf5 21. Ne4
Ne5 22. Bg2 Ned7 23. Rad1 Rfe8 24. Bc1 h6 25. Nxf6+ Nxf6 26. Rxe8+ Rxe8 27. Qf2
Qe5 28. d4 cxd4 29. Qxd4 Qa5 30. Qc4 Bg4 31. Rf1 b5 32. Qb3 Qb6+ 33. Kh1 Qc5
34. Nd5 Be6 35. Nxf6+ Bxf6 36. Qd1 Bg7 37. Qf3 Bxa2 38. Qc6 Qxc6 39. Bxc6 Rb8
40. Be3 {Zeitueberschreitung!} 1-0

[Event "SC SSV Bruneck-SK Steinegg/Raiffeisen"]
[Site "?"]
[Date "2012.12.01"]
[Round "4.2"]
[White "Balzarini, Franco"]
[Black "Lantschner, Carmen"]
[Result "1-0"]
[WhiteElo "1775"]
[BlackElo "1726"]
[PlyCount "57"]
[EventDate "2012.??.??"]

1. d4 d6 2. Nf3 Nf6 3. e3 g6 4. Nbd2 Bg7 5. Bd3 O-O 6. O-O c5 7. c4 Nc6 8. d5
Nb4 9. Bb1 Na6 10. a3 Bd7 11. Bd3 Nc7 12. Rb1 b5 13. e4 Rb8 14. b4 bxc4 15.
Nxc4 cxb4 16. axb4 Nb5 17. Bb2 Qc7 18. Qe2 Rfc8 19. h3 Qd8 20. Qd2 Qf8 21. Rfd1
Bh6 22. Qe1 Nc7 23. Nxd6 Rd8 24. Qc3 Ba4 25. Re1 Rxd6 26. Qxc7 Rxb4 27. Ba3 Rd7
28. Qa5 Rxb1 29. Rxb1 1-0

[Event "SC SSV Bruneck-SK Steinegg/Raiffeisen"]
[Site "?"]
[Date "2012.12.01"]
[Round "4.3"]
[White "Engl, Alexander"]
[Black "Lang, Guenther"]
[Result "0-1"]
[WhiteElo "1710"]
[BlackElo "1649"]
[PlyCount "52"]
[EventDate "2012.??.??"]

1. f4 d5 2. Nf3 g6 3. g3 Bg7 4. Bg2 Nf6 5. d3 c6 6. Nc3 Qb6 7. e3 c5 8. Ne5 Be6
9. O-O Nc6 10. Nxc6 bxc6 11. Kh1 h5 12. Qe1 h4 13. gxh4 Ng4 14. h3 Bf6 15. Rf3
Bxh4 16. Qf1 Nf6 17. e4 O-O-O 18. e5 Nh5 19. Ne2 d4 20. b3 Bd5 21. Bd2 Ng7 22.
Rb1 Nf5 23. b4 c4 24. dxc4 Bxc4 25. Kh2 Qb5 26. Re1 Bxe1 0-1

[Event "SC SSV Bruneck-SK Steinegg/Raiffeisen"]
[Site "?"]
[Date "2012.12.01"]
[Round "4.4"]
[White "Peintner, Markus"]
[Black "Felder, Wolfgang"]
[Result "0-1"]
[WhiteElo "1481"]
[BlackElo "1200"]
[PlyCount "84"]
[EventDate "2012.??.??"]

1. c4 g6 2. d4 Bg7 3. Nc3 e5 4. d5 d6 5. e4 Ne7 6. Bd3 O-O 7. Nge2 f5 8. exf5
Bxf5 9. O-O Bxd3 10. Qxd3 Nd7 11. Ne4 Nf6 12. Ng5 Qc8 13. f4 Qf5 14. Qxf5 Nxf5
15. Ne6 Rf7 16. fxe5 dxe5 17. Bg5 h6 18. Bxf6 Bxf6 19. Nc3 a6 20. Ne4 Bd8 21.
Rae1 Nd6 22. Nd2 Bg5 23. Ne4 Rxf1+ 24. Kxf1 Nxc4 25. N4xg5 hxg5 26. b3 Nd2+ 27.
Kg1 e4 28. Re2 Nb1 29. Rxe4 Nc3 30. Rd4 Ne2+ 31. Kf2 Nxd4 32. Nxd4 Rd8 33. Nf3
Rxd5 34. Ke3 c5 35. Ke4 Rf5 36. h3 b6 37. g4 Rf4+ 38. Ke3 c4 39. bxc4 Rxc4 40.
Kd3 Ra4 41. Nxg5 Rxa2 42. Ne4 Ra3+ 0-1

[Event "SC SSV Bruneck-SK Steinegg/Raiffeisen"]
[Site "?"]
[Date "2012.12.01"]
[Round "4.5"]
[White "Schroffenegger, Franz"]
[Black "Scanferla, Antonio"]
[Result "1/2-1/2"]
[WhiteElo "1293"]
[BlackElo "1360"]
[PlyCount "85"]
[EventDate "2012.??.??"]

1. e4 e5 2. Nf3 Nc6 3. d4 exd4 4. Nxd4 Nxd4 5. Qxd4 d6 6. Nc3 Nf6 7. Be2 Be7 8.
Bf4 O-O 9. O-O-O Be6 10. Bc4 Qc8 11. Nd5 Nxd5 12. Bxd5 Bxd5 13. exd5 Qf5 14.
Rd3 Bf6 15. Qe3 Rfe8 16. Qf3 Re4 17. g3 Rae8 18. Re3 Qxd5 19. b3 Qe6 20. Rhe1
Rxe3 21. Rxe3 Qd7 22. Qxb7 g5 23. Rxe8+ Qxe8 24. Be3 c5 25. Qf3 Qe5 26. Kd1
Qa1+ 27. Ke2 Qc3 28. Bd2 Qe5+ 29. Qe3 Qxe3+ 30. Bxe3 h6 31. h3 Kf8 32. Kd3 Ke8
33. Kc4 a6 34. Kd5 Kd7 35. f4 Be7 36. Bd2 f5 37. Bc3 gxf4 38. gxf4 Bd8 39. a3
a5 40. b4 axb4 41. axb4 cxb4 42. Bxb4 Be7 43. Bc3 1/2-1/2

[Event "SG Kaltern/Tramin II-SC Lana"]
[Site "?"]
[Date "2012.12.01"]
[Round "4.1"]
[White "Hoelzl, Matthias"]
[Black "Unterkofler, Alex"]
[Result "1/2-1/2"]
[WhiteElo "1709"]
[BlackElo "1657"]
[PlyCount "120"]
[EventDate "2012.??.??"]

1. e4 e5 2. Nf3 Nc6 3. Bc4 Nf6 4. d3 Bc5 5. Nc3 d6 6. h3 Be6 7. Bxe6 fxe6 8.
Na4 Bb6 9. Nxb6 axb6 10. O-O O-O 11. Bg5 Qe8 12. Nd2 Qg6 13. Be3 Nh5 14. Qg4
Nf4 15. Qxg6 Nxg6 16. a3 Nf4 17. Nb3 Ra4 18. Rfe1 Rfa8 19. g3 Ng6 20. Rf1 d5
21. f3 h6 22. Kg2 Nce7 23. h4 c5 24. Nd2 Nf8 25. f4 Nd7 26. fxe5 Nxe5 27. Kh3
N7c6 28. Bf4 b5 29. exd5 exd5 30. Rae1 Nd7 31. Bd6 b4 32. Nb3 b6 33. axb4 Rxb4
34. Re6 Nd4 35. Nxd4 Rxd4 36. Re7 Nf6 37. Be5 Rda4 38. Bxf6 gxf6 39. Rxf6 Rb8
40. Ree6 h5 41. Rxb6 Rxb6 42. Rxb6 c4 43. dxc4 Rxc4 44. c3 Kg7 45. Rb5 d4 46.
cxd4 Rxd4 47. Rb7+ Kg6 48. b4 Rd3 49. b5 Rb3 50. b6 Rb2 51. Rb8 Kg7 52. b7 Kh7
53. g4 Rb3+ 54. Kg2 hxg4 55. h5 Kg7 56. h6+ Kh7 57. Kf2 Rf3+ 58. Kg1 Rg3+ 59.
Kf1 Rf3+ 60. Kg2 Rb3 1/2-1/2

[Event "SG Kaltern/Tramin II-SC Lana"]
[Site "?"]
[Date "2012.12.01"]
[Round "4.2"]
[White "Leimgruber, Erich"]
[Black "Pichler, Norbert"]
[Result "1/2-1/2"]
[WhiteElo "1580"]
[BlackElo "1617"]
[PlyCount "102"]
[EventDate "2012.??.??"]

1. e4 c6 2. d4 d5 3. exd5 cxd5 4. Nf3 Nc6 5. Be2 Nf6 6. O-O Bf5 7. c3 h6 8.
Nbd2 e6 9. Nb3 Bd6 10. Nc5 Qc7 11. h3 O-O 12. Nd3 Rfc8 13. Re1 b5 14. a3 a6 15.
Nc5 Na5 16. b4 Nc4 17. Bxc4 dxc4 18. Ne5 Bxe5 19. Rxe5 Nd7 20. Nxd7 Qxd7 21. g4
Bd3 22. Qf3 Qc6 23. Qe3 Rd8 24. Bd2 Rd5 25. Qf3 Rd6 26. Qxc6 Rxc6 27. Rae1 Rd8
28. Bc1 Kf8 29. f4 Rd5 30. Kf2 Rxe5 31. Rxe5 f6 32. Rc5 Rxc5 33. dxc5 Be4 34.
h4 Ke7 35. Ke3 f5 36. g5 h5 37. Kf2 g6 38. Be3 Kd7 39. Bd4 Kc6 40. Ke3 Kd7 41.
Bg7 e5 42. Bxe5 Ke6 43. Kd4 Bc6 44. Bf6 Be4 45. c6 Bxc6 46. Kc5 Bb7 47. Kb6 Bc8
48. Kc7 Bd7 49. Kb7 Kd6 50. Be5+ Kd5 51. Kc7 Bc6 1/2-1/2

[Event "SG Kaltern/Tramin II-SC Lana"]
[Site "?"]
[Date "2012.12.01"]
[Round "4.3"]
[White "Kofler, Albin"]
[Black "Sinner, Armin"]
[Result "1-0"]
[WhiteElo "1560"]
[BlackElo "1608"]
[PlyCount "105"]
[EventDate "2012.??.??"]

1. d4 Nf6 2. c4 g6 3. Nc3 Bg7 4. Bf4 d6 5. Nf3 O-O 6. e3 Nbd7 7. Be2 c6 8. O-O
Nh5 9. Bg5 h6 10. Bh4 Nhf6 11. Rb1 g5 12. Bg3 Re8 13. Qc2 e5 14. dxe5 dxe5 15.
Rfd1 Qc7 16. Nd4 Nf8 17. b4 Qe7 18. Nf5 Bxf5 19. Qxf5 Ng6 20. c5 Rad8 21. Bc4
Kh8 22. Ne4 Nxe4 23. Qxe4 Rf8 24. Qf3 f5 25. Rxd8 Qxd8 26. Rd1 Qe8 27. h3 f4
28. Bh2 Nh4 29. Qe4 Nf5 30. g3 fxe3 31. fxe3 Qg6 32. g4 Nh4 33. Qxg6 Nxg6 34.
Rd7 Rb8 35. Bb3 Nh4 36. Kf1 Nf3 37. Kg2 Nxh2 38. Kxh2 Kh7 39. Bc2+ Kh8 40. Kg3
Kg8 41. a4 Kf8 42. Bg6 Kg8 43. Kf3 Rf8+ 44. Ke4 Rb8 45. b5 cxb5 46. axb5 a6 47.
b6 a5 48. Bf7+ Kf8 49. Bd5 Rc8 50. Rc7 Rd8 51. Rxb7 a4 52. Ra7 Rc8 53. b7 1-0

[Event "SG Kaltern/Tramin II-SC Lana"]
[Site "?"]
[Date "2012.12.01"]
[Round "4.4"]
[White "Enderle, Helmuth"]
[Black "Del Rosso, Peter"]
[Result "1/2-1/2"]
[WhiteElo "1542"]
[BlackElo "1505"]
[PlyCount "86"]
[EventDate "2012.??.??"]

1. d4 Nf6 2. c4 c6 3. Nc3 d5 4. e3 Bf5 5. Nf3 e6 6. Bd3 Bxd3 7. Qxd3 Bb4 8. Bd2
Bd6 9. O-O O-O 10. cxd5 cxd5 11. Rac1 a6 12. Rfe1 Nc6 13. a3 Re8 14. e4 dxe4
15. Nxe4 Nxe4 16. Rxe4 Ne7 17. Bg5 f6 18. Bd2 Nd5 19. Rh4 g6 20. Re4 f5 21.
Ree1 Bf4 22. Bxf4 Nxf4 23. Qd2 Qd6 24. Re5 Nh5 25. Rce1 Ng7 26. Qh6 Nh5 27. Ng5
Nf6 28. Rxe6 Qf8 29. Qh4 Rxe6 30. Rxe6 h6 31. Nh3 Kg7 32. Qf4 Rc8 33. Qe3 Rc7
34. Nf4 Qf7 35. Nd3 Ne4 36. Re5 Qb3 37. h3 Qd1+ 38. Kh2 Rc2 39. f3 Qf1 40. Ne1
Re2 41. Qb3 Nd6 42. Rxe2 Qxe2 43. Nd3 Qe3 1/2-1/2

[Event "SG Kaltern/Tramin II-SC Lana"]
[Site "?"]
[Date "2012.12.01"]
[Round "4.5"]
[White "Unterthurner, Walter"]
[Black "Sanin, Wilfried"]
[Result "0-1"]
[WhiteElo "1341"]
[BlackElo "1503"]
[PlyCount "76"]
[EventDate "2012.??.??"]

1. e4 g6 2. Nf3 Bg7 3. c3 d6 4. d4 Nf6 5. Bd3 O-O 6. O-O Nc6 7. Bg5 Bg4 8. h3
Bxf3 9. Qxf3 e5 10. d5 Nb8 11. Nd2 Nbd7 12. Nb3 b6 13. Bb5 Nc5 14. Nxc5 bxc5
15. b3 h6 16. Bh4 g5 17. Bg3 Nh7 18. Qf5 Qf6 19. Qg4 Qd8 20. Rac1 Rb8 21. Bd3
Qc8 22. Qf3 a5 23. Qe2 Qd8 24. c4 Qd7 25. Qd2 Ra8 26. Qe2 Rfb8 27. f3 Nf6 28.
Bh2 Nh5 29. Bc2 Nf4 30. Bxf4 exf4 31. Qd3 Be5 32. Kh1 Kg7 33. Bd1 Rh8 34. Kh2
h5 35. Rh1 g4 36. Kg1 Qe7 37. fxg4 Qh4 38. Bf3 Bd4+ 0-1